00690nam a2200217Ia 4500003000900000008004100009040001300050040001300063041000800076100001900084245008100103250001100184260001500195260000900210300001100219300001200230490000600242942000700248999001700255952020000272IT-RoPAU120407s9999 xx 000 0 und d aIT-RoPAU cIT-RoPAU aita aAntonio Bonora aSeguire Gesù€. Meditazioni sui testi biblici del Lezionario festivo Anno C. aTorino aElle Di Ci c1988 a280 p. c21,5 cm v1 cBK c31313d31313 00102ddc406264_300000000000000_4671aPAULUSbPAULUSd2012-04-11l0o264.3.46r2012-04-11 00:00:00w2012-04-11yBKzInserito da: Jole In data: 11 luglio 2011 fondo: Via A.Severo 56 Progr:32600